00662nam a2200181 a 4500003000200000005001700002008004100019050002500060100001800085245012600103260009000229300002300319504004100342650004200383650002000425650001700445650001800462020250415090122.0060801s19uu xx 00 eng d aPHS QK 861b.O3 2006 aOh, Sang Hun. aFeasibility study on the effect of garlic (Allium sativum) on the growth of onion (Allium cepa) root tips /cSang Hun Oh. aLas Piñas City, Philippines :bSouthville International School and Colleges,c2006. a23 pages ;c28 cm. aIncludes bibliographical references. aPlant extractsxPhysiological effect. aAllium sativum. aAllium cepa. aPlant growth.